Handbook of peer-to-peer networking / (رقم التسجيلة. 24269)
[ عرض عادي ]
| 000 -الفاتح | |
|---|---|
| حقل البيانات ثابتة الطول | 01907cam a22004937a 4500 |
| 001 - رقم الضبط | |
| رقم الضبط | 15916157 |
| 003 - محدد رقم الضبط | |
| رقم الضبط | OSt |
| 005 - وقت وتاريخ اخر تعامل مع التسجيلة | |
| رقم الضبط | 20150408114047.0 |
| 008 - عناصر البيانات ثابتة الطول - معلومات عامة | |
| حقل البيانات ثابتة الطول | 090922s2010 nyua b 001 0 eng |
| 010 ## - رقم ضبط مكتبة الكونجرس | |
| رقم ضبط مكتبة الكونجرس | 2009937578 |
| 015 ## - رقم الببليوجرافية الوطنية | |
| المصدر | bnb |
| 015 ## - رقم الببليوجرافية الوطنية | |
| المصدر | bnb |
| 015 ## - رقم الببليوجرافية الوطنية | |
| المصدر | bnb |
| 015 ## - رقم الببليوجرافية الوطنية | |
| المصدر | dnb |
| 016 7# - رقم ضبط الوكاله الوطنية للضبط الببليوجرافي | |
| رقم ضبط التسجيلة | 014846018 |
| المصدر | Uk |
| 020 ## - الرقم الدولى المعيارى للكتب | |
| الرقم الدولى المعيارى للكتاب | 9780387097503 (hbk.) |
| 020 ## - الرقم الدولى المعيارى للكتب | |
| الرقم الدولى المعيارى للكتاب | 0387097503 (hbk.) |
| 020 ## - الرقم الدولى المعيارى للكتب | |
| الرقم الدولى المعيارى للكتاب | 0387097511 (ebk.) |
| 020 ## - الرقم الدولى المعيارى للكتب | |
| الرقم الدولى المعيارى للكتاب | 9780387097510 (ebk.) |
| 035 ## - رقم ضبط النظام | |
| رقم ضبط النظام | (OCoLC)ocn277069416 |
| 040 ## - مصدر الفهرسة | |
| وكالة الفهرسة الأصلية | UKM |
| لغة الفهرسة | eng |
| وكالة النسخ | MU |
| وكالة التعديل | YDXCP |
| -- | BTCTA |
| -- | SINLB |
| -- | WAU |
| -- | GBVCP |
| -- | DEBBG |
| -- | OCLCQ |
| -- | ZWZ |
| -- | CHRRO |
| -- | OCLCQ |
| -- | UKMGB |
| -- | DLC |
| 042 ## - رمز التحقق | |
| رمز التحقق | ukblcatcopy |
| -- | lccopycat |
| 050 00 - رقم طلب مكتبة الكونجرس | |
| رقم المادة | .H35 2010 |
| 072 #7 - رمز الفئه الموضوعية | |
| رمز فئه الموضوع | s1in |
| المصدر | rero |
| 082 04 - رقم تصنيف ديوى العشرى | |
| رقم التصنيف | 004.65 H A P |
| رقم الطبعة | 22 |
| 084 ## - رقم تصنيف آخر | |
| رقم التصنيف | DAT 250f |
| مصدر الرقم | stub |
| 084 ## - رقم تصنيف آخر | |
| رقم التصنيف | ST 200 |
| مصدر الرقم | rvk |
| 245 00 - بيان العنوان | |
| العنوان | Handbook of peer-to-peer networking / |
| بيان المسئوليه,etc | edited by Xuemin Shen ... [et al.]. |
| 260 ## - PUBLICATION, DISTRIBUTION, ETC. (IMPRINT) | |
| مكان الناشر او الموزع | New York ; |
| -- | London : |
| اسم الناشر او الموزع | Springer, |
| تاريخ النشر أو التوزيع | c2010. |
| 300 ## - الوصف المادى | |
| التعداد | xlvii, 1405 p. : |
| تفاصيل ماديه اخرى للوعاء | ill. ; |
| أبعاد الوعاء | 24 cm. |
| 504 ## - تبصرة ببليوجرافية | |
| تبصرة ببليوجرافية,الخ | Includes bibliographical references and index. |
| 650 #4 - المدخل الاضافى بالموضوع-مصطلح موضوعى | |
| مصطلح موضوعي أو اسم جغرافي كعنصر مدخل | Peer-to-peer architecture (Computer networks) |
| 9 (RLIN) | 4916 |
| 650 #4 - المدخل الاضافى بالموضوع-مصطلح موضوعى | |
| مصطلح موضوعي أو اسم جغرافي كعنصر مدخل | Computer Science |
| التقسيم الفرعي العام | IT. |
| 9 (RLIN) | 16294 |
| 650 #4 - المدخل الاضافى بالموضوع-مصطلح موضوعى | |
| مصطلح موضوعي أو اسم جغرافي كعنصر مدخل | Réseaux poste à poste (informatique) |
| مصدر الرأس أو المصطلح | ram |
| 9 (RLIN) | 16295 |
| 650 #4 - المدخل الاضافى بالموضوع-مصطلح موضوعى | |
| مصطلح موضوعي أو اسم جغرافي كعنصر مدخل | poste à poste (architecture informatique) |
| التقسيم الفرعي العام | réseau informatique. |
| مصدر الرأس أو المصطلح | rero |
| 9 (RLIN) | 16296 |
| 650 #4 - المدخل الاضافى بالموضوع-مصطلح موضوعى | |
| مصطلح موضوعي أو اسم جغرافي كعنصر مدخل | Peer-to-Peer-Netz. |
| مصدر الرأس أو المصطلح | swd |
| 9 (RLIN) | 16297 |
| 700 1# - المدخل الاضافى - اسم شخصى | |
| الإسم الشخصى | Shen, X. |
| الشكل الأكمل للاسم | (Xuemin), |
| التواريخ المصاحبة للاسم | 1958- |
| 9 (RLIN) | 16298 |
| 856 41 - الوصول و الموقع الالكترونى | |
| مواد محددة | Table of contents |
| معرف المصدر الموحد | <a href="http://bvbr.bib-bvb.de:8991/F?func=service&doc_library=BVB01&doc_number=017151128&line_number=0001&func_code=DB_RECORDS&service_type=MEDIA">http://bvbr.bib-bvb.de:8991/F?func=service&doc_library=BVB01&doc_number=017151128&line_number=0001&func_code=DB_RECORDS&service_type=MEDIA</a> |
| 856 41 - الوصول و الموقع الالكترونى | |
| معرف المصدر الموحد | <a href="http://public.eblib.com/EBLPublic/PublicView.do?ptiID=571776">http://public.eblib.com/EBLPublic/PublicView.do?ptiID=571776</a> |
| 906 ## - عنصر بيانات محلى F, LDF (RLIN) | |
| a | 7 |
| b | cbc |
| c | copycat |
| d | 2 |
| e | ncip |
| f | 20 |
| g | y-gencatlg |
| 942 ## - عناصر المدخل الإضافي( كوها) | |
| مصدر التصنيف او مخطط الترفيف | Dewey Decimal Classification |
| Koha [default] item type | DVD |
| حالة الفقد | نموذج السعر الفعال | حالة تلف | ليس للاعارة | رقم الطلب | رقم النسخة | تاريخ الاكتساب | الموقع الحالي | الباركود | الفرع الرئيسي | Date last seen | نوع المادة فى نظام كوها | مصدر التصنيف او خطة الترفيف | Total Checkouts |
|---|---|---|---|---|---|---|---|---|---|---|---|---|---|
| 2013-03-10 | 004.65 H A P | C.1 | 2012-06-24 | المكتبة المركزية بالمجمعة (CL) | 00109434 | المكتبة المركزية بالمجمعة (CL) | 2013-03-10 | كتاب | Dewey Decimal Classification | ||||
| 2013-03-10 | 004.65 H A P | C.2 | 2012-06-24 | المكتبة المركزية بالمجمعة (CL) | 00109432 | المكتبة المركزية بالمجمعة (CL) | 2013-03-10 | كتاب | Dewey Decimal Classification | ||||
| 2013-03-10 | 004.65 H A P | C.3 | 2012-06-24 | المكتبة المركزية بالمجمعة (CL) | 00109433 | المكتبة المركزية بالمجمعة (CL) | 2013-03-10 | كتاب | Dewey Decimal Classification |
